[Event "AUT-chT2M 1112"]
[Site "Austria"]
[Date "2012.03.03"]
[Round "8.6"]
[White "Kogler, Werner"]
[Black "Hatzl, Johannes"]
[Result "0-1"]
[WhiteElo "1842"]
[BlackElo "2103"]
[PlyCount "130"]
[EventDate "2011.10.21"]
[EventType "team-tourn"]
[EventRounds "11"]
[EventCountry "AUT"]
[SourceTitle "EXT 2013"]
[Source "ChessBase"]
[SourceDate "2012.11.22"]
[SourceVersion "1"]
[SourceVersionDate "2012.11.22"]
[SourceQuality "1"]
[WhiteTeam "Maria Saal"]
[BlackTeam "Fuerstenfeld"]
[WhiteTeamCountry "AUT"]
[BlackTeamCountry "AUT"]

1. d4 d5 2. c4 e6 3. Bf4 Nf6 4. Nc3 c6 5. c5 b6 6. b4 Nbd7 7. e3 bxc5 8. dxc5 Be7 9. Nf3 Bb7 10. Be2 0-0 11. Ne5 Nxe5 12. Bxe5 Nd7 13. Bg3 a5 14. a3 Bf6 15. Qc1 Qc8 16. 0-0 Ba6 17. Bxa6 Qxa6 18. Bd6 Rfe8 19. Rb1 Qd3 20. Na2 Be5 21. Rd1 Qa6 22. Bxe5 Nxe5 23. Nc3 axb4 24. axb4 Reb8 25. Ra1 Qb7 26. Rxa8 Rxa8 27. b5 cxb5 28. Qb2 b4 29. Nxd5 Ng4 30. Qxb4 Qxd5 31. Rc1 Ne5 32. e4 Qc6 33. Qd4 Ng6 34. Rb1 Rc8 35. Rc1 h6 36. g3 Ne7 37. Rc4 Qc7 38. Qc3 Nc6 39. Qc2 Rd8 40. Rc3 Qe5 41. Rc4 Qa1+ 42. Kg2 Qd1 43. Qxd1 Rxd1 44. Rc2 Rd3 45. Kh3 Kf8 46. f4 Ke7 47. Kg4 Rb3 48. e5 Rb5 49. Kh3 Kd7 50. Kg2 Nb4 51. Rd2+ Nd5 52. Ra2 Rxc5 53. Ra6 Rc8 54. Ra7+ Rc7 55. Ra8 Rc2+ 56. Kh3 Ke7 57. Ra7+ Rc7 58. Ra8 f6 59. exf6+ Kxf6 60. Ra2 Rc3 61. Kg2 Kf5 62. Ra7 Rc7 63. Ra6 g5 64. fxg5 hxg5 65. Ra2 Rc2+ 0-1